00413nam a2200169Ia 4500008004100000020001800041050001400059100001800073245002700091245002900118260001300147260001300160260000900173300001500182300002500197440002100222180207s9999 xx 000 0 und d a9780007230877 bJ954 2007 aJungman, Ann. 4aThe footballing frog / cAnn Jungman and Burnett. aLondon : bCollins, c2007 a47 pages : bcolor illustration ; aCollins big cat.